000 00378cam a2200145ua 4500
041 _aeng
_h
082 _a823.308
_bGAR/CA
100 _aGardner, Erienstanley .
245 _aCase of stepdaughter`s secret /
_cErienstanley Gardner.
_hTextual Documents
260 _aUSA :
_bPocket Books, INC ,
_c1961.
300 _a178 ; .
504 _a
942 _cBK
999 _c4921
_d4921